000 00673nam a2200193 i 4500
001 27420
003 ES-MaACL
005 20230906153620.0
007 t|
008 030114s1982 sp ||||1| spa d
100 1 _aAzaustre Serrano, María del Carmen.
_924239
245 1 0 _aCanciones y romances populares impresos en Barcelona en el siglo XIX /
_cpor María del Carmen Azaustre Serrano.
260 _aMadrid :
_bConsejo Superior de Investigaciones Científicas,
_c1982.
300 _aXVII, 420 p. ;
_c25 cm.
490 1 _aCuadernos bibliográficos ;
_v45
830 0 _aCuadernos bibliográficos ;
_v45
_9184126
852 _aES-MaACL
_jL-3065
999 _c27420
_d27420